00209nam a22000977a 4500040000700000082000800007100001700015245004300032260002600075300001000101 cSK a639 aDEAP LOEUNG  aFishing gears of the cambodian mekong aPhnom PenhbDEAc2003 a269p.